Construction Adjudication (Record no. 115733)

MARC details
000 -LEADER
fixed length control field 01734cam a22003015a 4500
001 - CONTROL NUMBER
control field L159194
008 - FIXED-LENGTH DATA ELEMENTS--GENERAL INFORMATION
fixed length control field 071221s2015 xxk f 000 0 eng d
020 ## - INTERNATIONAL STANDARD BOOK NUMBER
International Standard Book Number 9780198726548
035 ## - SYSTEM CONTROL NUMBER
System control number (Sirsi) u159194
041 0# - LANGUAGE CODE
Language code of text/sound track or separate title eng
050 04 - LIBRARY OF CONGRESS CALL NUMBER
Classification number 347.4107 $2 18
100 1# - MAIN ENTRY--PERSONAL NAME
Personal name Coulson, Peter
245 00 - TITLE STATEMENT
Title Construction Adjudication
250 ## - EDITION STATEMENT
Edition statement 3rd ed.
260 ## - PUBLICATION, DISTRIBUTION, ETC.
Place of publication, distribution, etc. Oxford
Name of publisher, distributor, etc. Oxford University Press
Date of publication, distribution, etc. 2015
300 ## - PHYSICAL DESCRIPTION
Extent xxxvii, 539p.
Dimensions 26cm.
505 2# - FORMATTED CONTENTS NOTE
Formatted contents note Part I: statutory adjudication -- Part II: other forms of adjudication -- Part III: the adjudicator's jurisdiction -- Part IV: natural justice -- Part V: enforcement -- Part VI: a practical guide to adjudication -- Appendices
520 ## - SUMMARY, ETC.
Summary, etc. Deals comprehensively with the law and practice of adjudication in construction and engineering disputes. Covers the Housing Grants, Construction and Regeneration Act 1996; Local Democracy, Economic Development and Construction Act 2009; other types of adjudication such as the contractual adjudication procedures set out in standard forms of contracts; issues of fairness and natural justice, and enforcement. Also offers a practical guide to the adjudication process. Includes a table of cases and table of legislation, treaties and conventions.
521 ## - TARGET AUDIENCE NOTE
Target audience note Advanced
590 ## - LOCAL NOTE (RLIN)
Local note KA
650 24 - SUBJECT ADDED ENTRY--TOPICAL TERM
Topical term or geographic name entry element HOUSING GRANTS, CONSTRUCTION AND REGENERATION ACT 1996
650 24 - SUBJECT ADDED ENTRY--TOPICAL TERM
Topical term or geographic name entry element LOCAL DEMOCRACY, ECONOMIC DEVELOPMENT AND CONSTRUCTION ACT 2009
650 24 - SUBJECT ADDED ENTRY--TOPICAL TERM
Topical term or geographic name entry element WESTFIELDS CONSTRUCTION LTD V LEWIS
651 #4 - SUBJECT ADDED ENTRY--GEOGRAPHIC NAME
Geographic name England and Wales
Chronological subdivision 1543-
690 ## - LOCAL SUBJECT ADDED ENTRY--TOPICAL TERM (OCLC, RLIN)
Topical term or geographic name as entry element MANAGEMENT-DISPUTE AVOIDANCE, MANAGEMENT AND RESOLUTION-DISPUTE MANAGEMENT AND RESOLUTION-ALTERNATIVE DISPUTE RESOLUTION-ADJUDICATION
690 ## - LOCAL SUBJECT ADDED ENTRY--TOPICAL TERM (OCLC, RLIN)
Topical term or geographic name as entry element Dispute resolution
9 (RLIN) 6236
942 ## - ADDED ENTRY ELEMENTS (KOHA)
Suppress in OPAC 0
Holdings
Withdrawn status Lost status Source of classification or shelving scheme Damaged status Not for loan Home library Current library Shelving location Date acquired Total Checkouts Full call number Date last seen Copy number Price effective from Koha item type
    Dewey Decimal Classification     London London Basement 15/03/2016   BASEMENT 06/08/2019 1 06/08/2019 Book